000 00863cab a2200229 4500
001 WB3438-17
008 090401t1998 xxu||||| |||| 00| 0 eng d
035 _a(Sirsi) u88850
041 _aeng
245 _aHousing development dispute
260 _c1998
350 _a0
490 _aIndependent
_v5 October 1998, 4(1)
520 _a32 parish councils and the (CPRE) are fighting proposals to build 25000 new houses in green fields between Reading and Basingstoke. The public inquiry which opens on 6 October is regarded as a major test case of the SoS Environment`s commitment to protecting the countryside by maximising the use of recycled land.
650 _aCOUNTRYSIDE POLICY
650 _aGREENFIELD SITES
650 _aNEW HOMES
650 _aPUBLIC ENQUIRIES
690 _aPROPERTY-PROPERTY DEVELOPMENT
942 _n0
948 _c06/10/1998
999 _c56187
_d56187